000 00697nam a2200265Ia 4500
003 OSt
005 20221007110407.0
006 a|||||r|||| 00| 0
007 ta
008 221006b |||||||| |||| 00| 0 eng d
024 _a21,049
037 _cTextual
040 _aLCO
_cLCO
_beng
041 _2eng
_aeng
082 _aZv2,N, L5
100 _aSingh M.P.
245 0 _aOutlines of Indian Legal and Constitutional History
250 _a4th
260 _aMeerut
_bWestern Law House India
_c1975
300 _a156+xvii
500 _aModern Period
650 _aCONSTITUTIONAL HISTORY
_9648988
942 _hZv2,N, L5
_cTEXL
999 _c1190612
_d1190612